Quiz do Essuatíni - Statistics

Estatísticas Gerais
  • Esse quiz foi jogado 414 vezes
  • A pontuação média é 9 de 15
Estatísticas das Respostas
Dica Resposta % Correto
Países fazendo fronteira com Essuatíni África do Sul
97%
Países fazendo fronteira com Essuatíni Moçambique
91%
Outra língua oficial Inglês
90%
Essuatíni era uma colônia deste país antes de 1968 Reino Unido
88%
Estima-se que 27,2% dos adultos são positivos para este vírus, mais do que qualquer outro país VIH/AIDS
83%
Nomeie qualquer uma das duas outras monarquias na África excluindo Essuatíni Lesoto | Marrocos
77%
Animal que representa o rei de Essuatíni Leão
74%
Capital executivo de Essuatíni Mbabane
61%
Animal que retrata a Rainha Mãe de Essuatíni Elefante
49%
Objeto preto e branco que aparece na bandeira de Essuatíni Escudo
45%
Língua primária e maior grupo étnico Suázi
44%
Capital legislativa e tradicional de Essuatíni Lobamba
30%
Monarca atual de Essuatíni {Mswati} III
24%
Monarca anterior {Sobhuza} II
18%
Tipo de paisagem rural aberta, começando com V, que cobre a maior parte de Essuatíni Veld
17%
Nenhum quiz correspondente encontrado
Distribuição das Pontuações
Porcentagem de Pessoas com Cada Pontuação
Percentil de Números Respondidos
Sua Pontuação Histórica
Você não jogou esse quiz